Magnetic service : secrets for creating passionately devoted customers
| Main Author: | |
|---|---|
| Format: | Book |
| Published: |
San Francisco :
Berrett-Koehler Publishers ,
2003
|
| Subjects: |
MARC
| LEADER | 00000cam a2200000 7i4500 | ||
|---|---|---|---|
| 001 | 0000028260 | ||
| 005 | 20091124.0 | ||
| 008 | 091124 | ||
| 020 | |a 1576752364 | ||
| 090 | 0 | 0 | |a 658.812 |b BEL |
| 100 | 1 | |a Bell, Chip R. | |
| 245 | 1 | 0 | |a Magnetic service : |b secrets for creating passionately devoted customers |c Chip R. Bell |f Bilijack R. Bell |
| 260 | |a San Francisco : |b Berrett-Koehler Publishers , |c 2003 | ||
| 650 | 0 | |a Consumer satisfaction | |
| 650 | 0 | |a Customer services | |
| 999 | |a 0001061996 |b Book |c Adult Collection |e Perbadanan Perpustakaan Awam Johor | ||